00337nam a2200121 a 45000010005000000030005000050050017000100080041000270400020000681000026000882450081001142600020001952434CDMR20130116135230.0130130s1975||||||||||||||||||||||||||||d aCDMRbcatcCDMR1 aDuran Mazuque, Manuel14aLas artes plásticas en la prensa diaria de BarcelonacManuel Duran Mazuque aBarcelonac1975